00436 2200157 4500001002100000008004100021035002000062245005700082100001900139260004100158300002300199020002200222084001400244082000800258990001200266INLIS000000000002908 IND  a0010-0925000255 aTeladan Pancasila Presiden IndonesiacDina Alfiyanti aDina Alfiyanti aJakartabEsensi Erlangga Groupc2023 a74c(14,5 x 21 cm) a978-623-7478-75-1 a320 DIN t a320 a0755305